| 000 | 01315nam a22002177a 4500 | ||
|---|---|---|---|
| 999 |
_c65136 _d65136 |
||
| 005 | 20251125233108.0 | ||
| 008 | s2554 th ||||| |||| 00| 0 tha d | ||
| 020 | _a9789743507281 | ||
| 040 | _aNALT | ||
| 050 |
_aDS 578.32 _bว128ถ 2554 |
||
| 100 | 0 |
_aวงศ์ศักดิ์ สวัสดิ์พาณิชย์ _931756 |
|
| 245 | 1 | 0 |
_aถอดบทเรียนตำนานการต่อสู้ของ...ข้าราชการหัวใจคุณธรรม ดร.วงศ์ศักดิ์ สวัสดิ์พาณิชย์ อธิบดีกรมการปกครอง / _cกนกรัตน์ นิ่มสมุทร บูธ รวบรวมเรียบเรียง |
| 260 |
_aกรุงเทพฯ : _bเอ็นโฟร์ โปรพริ้น, _c2554. |
||
| 300 |
_a256 หน้า : _bภาพประกอบ ; _c21 ซม. |
||
| 600 | 0 | 4 |
_931758 _aวงศ์ศักดิ์ สวัสดิ์พาณิชย์ _xชีวประวัติ |
| 700 | 0 |
_931755 _aกนกรัตน์ นิ่มสมุทร บูธ |
|
| 850 | _aNALT | ||
| 856 | 4 | 0 |
_uhttps://hdl.handle.net/20.500.14156/385917 _71 |
| 942 |
_cGB _2lcc |
||